000 00443nam a2200169 a 4500
001 0000-9152
003 ELIB.Books
008 110520 2005
035 _a(ELIB.Books)0000-9304
082 _aB.Th
_bMu
100 _aMu Na Paw, Naw
245 _aUnpopular Women in the Old testament
260 _bInsein: Karen Baptist Theolgical Seminary
_c2005
650 _aThesis
942 _2ddc
_cBK
998 _cbat
_e2011-05-20
999 _c9152
_d9152